| 000 | 01401nam a2200337 4500 | ||
|---|---|---|---|
| 001 | 178456 | ||
| 003 | ES-MaACL | ||
| 005 | 20250603164432.0 | ||
| 008 | 110530s2009 sp |||| |bspa d | ||
| 020 | _a978-84-9828-231-3 | ||
| 080 | _a070 Clararrosa, José Joaquín de | ||
| 080 | _a(054)(460.355 C.) | ||
| 080 | _a94(460)"1820/23" | ||
| 080 | _a94(460.355 C.)"18" | ||
| 100 | 1 |
_aSánchez Hita, Beatriz. _9102700 |
|
| 245 | 1 | 0 |
_aJosé Joaquín de Clararrosa y su "Diario Gaditano" (1820-1822) _b: ilustración, periodismo y revolución en el Trienio Liberal / _cBeatriz Sánchez Hita. |
| 250 | _a1ª ed. | ||
| 260 |
_aCádiz : _bServicio de Publicaciones de la Universidad de Cádiz, _c2009. |
||
| 300 |
_a504 p. ; _c20 cm. |
||
| 504 | _aBibliografía: p. 467-504. | ||
| 586 | _aVI Premio de Estudios Constitucionales 1812, 2007 | ||
| 600 | 1 | 7 |
_aClararrosa, José Joaquín de ( _d1763-1822) _939002 |
| 630 | 0 | 7 |
_aDiario gaditano de la libertad e independencia nacional, político mercantil, económico y literario. _9146817 |
| 651 | 7 |
_aEspaña- _xHistoria- _y1820-1823, Trienio constitucional _2 _9145382 |
|
| 651 | 7 |
_aCádiz- _xHistoria- _yS.XIX. _97918 |
|
| 710 | 2 |
_aUniversidad de Cádiz. _9171718 |
|
| 710 | 2 |
_aCentro de Estudios Constitucionales (España) _92618 |
|
| 852 |
_aES-MaACL _jA-11262 _9185316 _bR.145621 _cDEPO1 _dOlim: N-4266 |
||
| 942 | _2udc | ||
| 999 |
_c178456 _d178456 |
||